000 01088naa a22002777a 4500
001 BR8003364
003 BR-BrBNA
005 20240918174618.0
007 ta
008 230509b bl.||||| |||| 00| 0 por d
040 _aBR-BrBNA
_bpor
_cBiblioteca Nacional de Agricultura
041 _a(Pt)
072 _aN20
_b4650
_bG514
090 _aN20 BR8003364
100 1 _aBrunelli, S.
100 1 _aMiayesi, M.
111 1 _a3. Simposio de Tecnologia do Acucar e do Alcool - STAB Sul
_cAguas de Sao Pedro, SP (Brazil)
_d1980
245 1 _aProjeto de pinhoes para acionamento dos rolos de moenda [Equipamento rural; Mecanica; Brasil]
260 3 _aPiracicaba, SP (Brasil):
_c1980.
500 _aAnais do 3. Simposio de Tecnologia do Acucar e do Alcool - STAB Sul Piracicaba, SP (Brasil): 1980. p. 145-169 (BR8003364-AM)N20
650 _aEquipamento rural
650 _aMoenda
773 0 _tAnais do 3. Simposio de Tecnologia do Acucar e do Alcool - STAB Sul
_wN20 BR8003364
_gPiracicaba, SP (Brasil), 1980. p. 145-169
909 _a202404
_bLucia
_c55
_dLucia Elande
942 _cAM
_2AGRIS
999 _c312345
_d312345